Indovina la nazione dalla città parte 2 - Statistics

Statistiche generali
  • Questo quiz è stato fatto 132 volte
  • Il punteggio medio è 13 su 20
Statistiche sulle risposte
CITTA' NAZIONE % Corretto
Canton Cina
92%
Sapporo Giappone
89%
Kazan Russia
87%
Anchorage Usa/Stati Uniti
87%
Medellin Colombia
82%
Coimbra Portogallo
76%
Aleppo Siria
76%
Varanasi India
75%
Izmir Turchia
75%
Gwangju Corea del Sud
65%
Vaasa Finlandia
65%
Kristiansand Norvegia
64%
Limerick Irlanda
59%
Lahore Pakistan
57%
Kalmar Svezia
57%
Samarcanda Uzbekistan
56%
Queenstown Nuova Zelanda
50%
Chittagong Bangladesh
41%
Gomel Bielorussia
37%
New Amsterdam Guyana
17%
Nessun quiz corrispondente trovato
Distribuzione punteggi
Percentuale di utenti per punteggio
Percentile per numero di risposta
I tuoi punteggi nel tempo
Non hai fatto questo quiz